Biblioteca

Mission, unity and eschaton : (Registro nro. 70461)

Detalles MARC
000 -LÍDER
Campo fijo de descripción fija 01597nab a2200241 i 4500
001 - NÚMERO DE CONTROL
Campo de control 768714001
003 - IDENTIFICADOR DEL NÚMERO DE CONTROL
Campo de control CO-MdFUSB
005 - FECHA Y HORA DE LA ULTIMA TRANSACCIÓN
control field 20240709124615.0
008 - ELEMENTOS DE LONGITUD FIJA -- INFORMACIÓN GENERAL
Campo fijo de descripción fija -- Información general 240709t2000 sz ||||| |||| 00| 0 eng d
040 ## - FUENTE DE CATALOGACIÓN
Idioma de catalogación spa
Agencia que realiza la transcripción CO-MdFUSB
Agencia que realiza la modificación CO-MdFUSB
041 ## - CÓDIGO DE IDIOMA
Código de idioma para texto/pista de sonido o título separado eng
100 ## - ASIENTO PRINCIPAL--NOMBRE PERSONAL
Nombre personal Hoedemaker, Bert, ‎
Término relacionador autor
245 1# - TÍTULO
Título Mission, unity and eschaton :
Subtitulo a triadic relation
Mención de responsabilidad / Bert ‎Hoedemaker
520 ## - NOTA DE RESUMEN, ETC.
Nota de sumario, etc. Este breve ensayo es un intento de abordar la relación entre misión y unidad en la perspectiva del proceso de aprendizaje ecuménico que ha afectado tan profundamente el uso de estos términos desde principios del siglo XX. Su punto de partida es que podría ser útil recordar algunos aspectos de este proceso de aprendizaje, particularmente aquellos que nos ayudan a vincular las palabras clave cristianas misión y unidad con la visión del reino de Dios venidero. Su objetivo es considerar cómo el enfoque de MIU hacia la misión como testimonio creíble y eficiente de iglesias que están razonablemente unidas, y su enfoque en la superación de la desunión de la iglesia por el bien de la misión, podrían enriquecerse con un énfasis escatológico.
546 ## - NOTA DE IDIOMA
Nota de idioma Texto en inglés.
630 #0 - PUNTO DE ACCESO ADICIONAL DE MATERIA - TÍTULO UNIFORME
Título uniforme Ecumenismo e humanismo,
650 #0 - ASIENTO SECUNDARIO DE MATERIA - TERMINO TEMÁTICO
Término temático o nombre geográfico como elemento de entrada Misiones
9 (RLIN) 154
650 #7 - ASIENTO SECUNDARIO DE MATERIA - TERMINO TEMÁTICO
Término temático o nombre geográfico como elemento de entrada Teología pastoral y unidad cristiana
9 (RLIN) 7183
650 #0 - ASIENTO SECUNDARIO DE MATERIA - TERMINO TEMÁTICO
Término temático o nombre geográfico como elemento de entrada Reforma de la iglesia
9 (RLIN) 958
773 0# - ASIENTO DE ITEM FUENTE
Biblionumber 49396
Itemnumber 59519
Lugar, editorial y fecha de publicación Ginebra
Otro identificador del ítem R1156
Título Reformed World
Número de control del registro (CO-MdFUSB)38
Número Internacional Normalizado para Publicaciones Seriadas (ISSN) 0034-3056
Parte(s) relacionada(s) / Volumen., número. (mes año), páginas Volumen 50, (número 4, 2000) páginas: 173 - 182
Enumeración y primera página página: 173
942 ## - TIPO DE MATERIAL (KOHA)
Tipo de Item KOHA Artículos de Revista
945 ## - INFORMACIÓN LOCAL DEL REGISTRO
Catalogador Catherine Arias Álvarez - Practicante SENA

No hay ítems disponibles.

Biblioteca FUSBC | Teléfono: (57+4) 349 88 10 Ext. 141| WhatsApp (+57) 3005338115 
E-mail: biblioteca@unisbc.edu.co | Calle 76 87-14 Robledo Palenque, Medellín, Colombia

Con tecnología Koha